000 00277nam a22001217a 4500
082 _a0-0918-1697-1
_bJOH/W
100 _aM.D, JOHNSON
245 _aWHO MOVED MY CHEESE?
260 _aLONDON
_bVERMILLON
300 _a95
650 _aPERSONALITY DEVELOPMENT
_zLONDON
942 _cBK
999 _c5311
_d5311